000 00575nam a2200133Ia 4500
008 171212s9999 xx 000 0 und d
020 _a9780833036940
100 _aMcCarthy, Kevin F.;Ondaatje, Elizabeth H.;Zakaras, Laura;Brooks, Arthur
245 _cMcCarthy, Kevin F.;Ondaatje, Elizabeth H.;Zakaras, Laura;Brooks, Arthur
_aGifts of the Muse: Reframing the Debate about the Benefits of the Arts
260 _bRAND Corporation
_c2004
650 _aGovernment aid to the arts; Arts and society
650 _aPolitical Science
856 _uwww.jstor.org/stable/10.7249/mg218wf
999 _c352121
_d352121